000 00391nam a22001217a 4500
082 _a200 THE
100 _aMUHAMMAD AHSAN
_919403
245 _aTH-SOF-1068-Daily Sound Recognition for Elderly People Using Ensemble Methods
260 _aISLAMABAD
_bNUST COLLEGE OF EME
_c2015
650 _aMS-COMPUTER ENGINEERING-73 MSTHESIS
700 _aSUPERVISOR Dr. Fahad Mumtaz Malik
942 _cCF
999 _c577615
_d577615